00488nam a2200157 a 450000500170000000800410001702000180005805000240007610000210010024500630012126000530018430000110023752000480024865000210029665000130031720140412111246.0010327s19uu xx 00 eng d a971-8613-68-4 aM 005.13bA311 1992 aAitken, Peter G. a10 minute: guide to word for windows 2 /cPeter G. Aitken. aManila, Philippines :bGlobal Publishing,c1992. a144 p. aQuick lessons for word for windows success! aComputer program aComputer